| 000 | 00808nam a2200217 a 4500 | ||
|---|---|---|---|
| 003 | 0 | ||
| 005 | 20250404160248.0 | ||
| 008 | 080526s19uu xx 00 eng d | ||
| 050 |
_aPGS TX 945.D56 _b.K19 2005 |
||
| 100 | _aKasahara, Kohji F. | ||
| 245 |
_aDining out preferences of grade 6 students / _cKohji F. Kasahara. |
||
| 260 |
_aLas PiƱas City, Philippines : _bSouthville International School and Colleges, _c2005. |
||
| 300 |
_a25 pages : _billustrations ; _c28 cm. |
||
| 504 | _aIncludes bibliographic references. | ||
| 650 | _aDining out. | ||
| 650 |
_aFood preferences _vChildren. |
||
| 650 |
_aRestaurants _zPhilippines _vCustomer preferences. |
||
| 650 |
_aGrade school students _zPhilippines _vSocial life and customs. |
||
| 650 |
_aConsumer behavior _vChildren. |
||
| 942 |
_2lcc _cPASS |
||
| 999 |
_c97377 _d97377 |
||